000 00928cam a2200253 a 4500
001 000002864
005 20200929150255.0
008 070223s1989 mx 000 0 spa
020 _a0684181193
020 _a9686677224
040 _aDO-SdBNP
_cDLC
_dDLC
050 0 0 _aPS3515.E37
_bA6 1999
082 _a813/.52
_bH448s
100 1 _aHemingway, Ernest,
_d1899-1961.
_99091
245 1 0 _aSobre le oficio de escribir /
_cErnest Hemingway ; editor, Larry W. Phillips ; traductor, María Alfageme Ramírez.
260 _aMéxico, D. F. :
_bPubligrafics,
_c1989.
300 _a128 p. ;
_c19 cm.
534 _aTítulo original: Ernest Hemingway on writing
600 1 0 _aHemingway, Ernest,
_d1899-1961
_vQuotations.
_99092
650 0 _aFiction
_xAuthorship
_vQuotations, maxims, etc.
_99093
700 1 _aPhillips, Larry W. ;
_eed.
_99094
700 1 _aAlfageme Ramírez, María ;
_etr.
_99095
910 _aCatalogación por copia / LC
999 _c2698
_d2698